Central Library OPAC University of Rajshahi

The Gobi desert / (Record no. 25412)

MARC details
000 -LEADER
fixed length control field 00927cam a22002771 4500
001 - CONTROL NUMBER
control field 25412
003 - CONTROL NUMBER IDENTIFIER
rucl marc code BD-RjUL
005 - DATE AND TIME OF LATEST TRANSACTION
control field 20211209050857.0
008 - FIXED-LENGTH DATA ELEMENTS--GENERAL INFORMATION
fixed length control field 140318r19541943enkbcf b 000 0 eng
035 ## - SYSTEM CONTROL NUMBER
System control number (BD-RjUL)25482
040 ## - CATALOGING SOURCE
Original cataloging agency DLC
Transcribing agency ICU
Modifying agency DLC
-- BD-RjUL
Language of cataloging eng
041 ## - LANGUAGE CODE
Language code of text/sound track or separate title eng
082 00 - DEWEY DECIMAL CLASSIFICATION NUMBER
Classification number 915.1739
Author mark and year CAG 1954
100 1# - MAIN ENTRY--PERSONAL NAME
Personal name Cable, Mildred.
9 (RLIN) 78134
245 14 - TITLE STATEMENT
Title The Gobi desert /
Statement of responsibility, etc. [by] Mildred Cable with Francesca French.
260 ## - PUBLICATION, DISTRIBUTION, ETC. (IMPRINT)
Place of publication, distribution, etc. London :
Name of publisher, distributor, etc. Hodder and Stoughton,
Date of publication, distribution, etc. [Impression 1954].
300 ## - PHYSICAL DESCRIPTION
Pagination 303 p. :
Illustrations col. front., plates, ports., maps (1 fold.) ;
Size 22 cm.
500 ## - GENERAL NOTE
General note "First [American] printing."
504 ## - BIBLIOGRAPHY, ETC. NOTE
Bibliography, etc Includes bibliography: p. 10.
651 #0 - SUBJECT ADDED ENTRY--GEOGRAPHIC NAME
Geographic name Gobi Desert (Mongolia and China)
9 (RLIN) 71712
Geographic name Mongolia
General subdivision Description and travel.
9 (RLIN) 71713
700 1# - ADDED ENTRY--PERSONAL NAME
Personal name French, Francesca,
Dates associated with a name 1871-1960,
Relator term joint author.
942 ## - ADDED ENTRY ELEMENTS (KOHA)
Source of classification or shelving scheme Dewey Decimal Classification
Koha item type Books
Holdings
Lost status Source of classification or shelving scheme Damaged status Not for loan Collection code Permanent Location Current Location Shelving location Date acquired Source of acquisition Cost, normal purchase price Total Checkouts Full call number Date last seen Copy number Koha item type
  Dewey Decimal Classification   Added to bundle Fiction Central Library, University of Rajshahi Central Library, University of Rajshahi Reading Room 01/02/1956 A. B. C. 12.30   915.1739 CAG 1954 18/03/2014 C-1 Books
  Dewey Decimal Classification     Fiction Central Library, University of Rajshahi Central Library, University of Rajshahi   05/03/1956 B.H.Black well 17.00   915.1739 CAG 1946 05/02/2017 C-2 Books